| 000 | 00378pab a2200133 454500 | ||
|---|---|---|---|
| 008 | 180718b xxu||||| |||| 00| 0 eng d | ||
| 100 | _aRobinson, Virginia B | ||
| 245 | _aImproving communication between program and financial managers | ||
| 650 | _a Financial Managers | ||
| 650 | _a Financial Management | ||
| 650 | _aFinance, Public | ||
| 773 | _aPublic Manager | ||
| 909 | _a22170 | ||
| 999 |
_c22170 _d22170 |
||